Engineers' illustrated thesaurus (Record no. 2252)

000 -LEADER
fixed length control field 00383nam a22001457a 4500
008 - FIXED-LENGTH DATA ELEMENTS--GENERAL INFORMATION
fixed length control field 200218b ||||| |||| 00| 0 eng d
082 00 - DEWEY DECIMAL CLASSIFICATION NUMBER
Classification number 620.02
Item number H5489
100 ## - MAIN ENTRY--PERSONAL NAME
9 (RLIN) 1836
Personal name Herkimer, Herbert.
245 10 - TITLE STATEMENT
Title Engineers' illustrated thesaurus
260 ## - PUBLICATION, DISTRIBUTION, ETC. (IMPRINT)
Place of publication, distribution, etc New York
Name of publisher, distributor, etc Chemical Pub
Date of publication, distribution, etc 1952
300 ## - PHYSICAL DESCRIPTION
Extent 572p.
365 ## - TRADE PRICE
Unit of pricing 31.08
650 #0 - SUBJECT ADDED ENTRY--TOPICAL TERM
Topical term or geographic name as entry element Engineering
942 ## - ADDED ENTRY ELEMENTS (KOHA)
Item type Books
Holdings
Withdrawn status Lost status Source of classification or shelving scheme Damaged status Not for loan Permanent location Current location Date acquired Full call number Barcode Date last seen Koha item type
          IMU Kolkata IMU Kolkata 1953-03-19 620.02 H5489 01837 2020-02-18 Books
Designed and Maintained by IMU-KC Library, Kolkata Campus © Copyright All Rights Reserved

webs counters

Powered by Koha